Statistiques concernant Phylogénie : Les Felidae - difficile

Cliquez ici pour prendre le quiz!

Statistiques générales

  • Ce quiz a été pris 4 fois
  • Le résultat moyen est 11 sur 45

Statistiques - réponses

Sous-familleGenreNom scientifiqueEspèce% Correct
PantherinaePantheraPanthera pardusLéopard
100%
PantherinaePantheraPanthera leoLion
100%
FelinaePumaPuma concolorPuma
100%
PantherinaePantheraPanthera tigrisTigre
100%
PantherinaePantheraPanthera oncaJaguar
75%
FelinaeLeopardusLeopardus pardalisOcelot
75%
PantherinaePantheraPanthera unciaPanthère des neiges
75%
FelinaeFelisFelis silvestris catus*Chat domestique
50%
FelinaeFelisFelis silvestrisChat sauvage
50%
FelinaeAcinonyxAcinonyx jubatusGuépard
50%
FelinaeCaracalCaracal caracalCaracal
25%
FelinaeFelisFelis nigripesChat à pieds noirs
25%
FelinaeFelisFelis margaritaChat des sables
25%
FelinaeFelisFelis silvestris silvestris*Chat forestier
25%
FelinaePrionailurusPrionailurus viverrinusChat viverrin
25%
FelinaePumaPuma yagouaroundiJaguarondi
25%
FelinaeOtocolobusOtocolobus manulManul
25%
FelinaeLeopardusLeopardus wiediiMargay
25%
FelinaeLeopardusLeopardus tigrinusOncille
25%
PantherinaeNeofelisNeofelis nebulosaPanthère nébuleuse
25%
FelinaeLeptailurusLeptailurus servalServal
25%
FelinaePrionailurusPrionailurus planicepsChat à tête plate
0%
FelinaeCatopumaCatopuma badiaChat bai
0%
FelinaeFelisFelis silvestris bieti*Chat de Biet
0%
FelinaeLeopardusLeopardus geoffroyiChat de Geoffroy
0%
FelinaeLeopardusLeopardus jacobitusChat des Andes
0%
FelinaeLeopardusLeopardus pajeros*Chat des pampas
0%
FelinaeCatopumaCatopuma temminckiiChat de Temminck
0%
FelinaePrionailurusPrionailurus iriomotensis*Chat d'Iriomote
0%
FelinaeCaracalCaracal aurataChat doré africain
0%
FelinaeFelisFelis silvestris lybica*Chat ganté
0%
FelinaePrionailurusPrionailurus bengalensisChat-léopard
0%
FelinaePardofelisPardofelis marmorataChat marbré
0%
FelinaeFelisFelis silvestris ornata*Chat orné
0%
FelinaePrionailurusPrionailurus rubiginosusChat rubigineux
0%
FelinaeFelisFelis silvestris cafra*Chat sauvage d'Afrique subsaharienne
0%
FelinaeFelisFelis chausChaus
0%
FelinaeLeopardusLeopardus colocoloColocolo
0%
FelinaeLeopardusLeopardus guignaKodkod
0%
FelinaeLynxLynx lynxLynx boréal
0%
FelinaeLynxLynx canadensisLynx du Canada
0%
FelinaeLynxLynx pardinusLynx pardelle
0%
FelinaeLynxLynx rufusLynx roux
0%
FelinaeLeopardusLeopardus guttulusOncille du Sud
0%
PantherinaeNeofelisNeofelis diardiPanthère nébuleuse de Bornéo
0%

Distribution des résultats

Percentile par nombre de réponses

% des personnes avec chaque résultat

Votre développement - résultats

Vous n’avez pas pris ce quiz